|
|
|
|
| LEADER |
01922nam a22005055i 4500 |
| 001 |
978-3-540-26384-5 |
| 003 |
DE-He213 |
| 005 |
20151204185839.0 |
| 007 |
cr nn 008mamaa |
| 008 |
100301s2005 gw | s |||| 0|eng d |
| 020 |
|
|
|a 9783540263845
|9 978-3-540-26384-5
|
| 024 |
7 |
|
|a 10.1007/b137501
|2 doi
|
| 040 |
|
|
|d GrThAP
|
| 050 |
|
4 |
|a RD118-120.5
|
| 072 |
|
7 |
|a MNP
|2 bicssc
|
| 072 |
|
7 |
|a MED085030
|2 bisacsh
|
| 082 |
0 |
4 |
|a 617.952
|2 23
|
| 100 |
1 |
|
|a Mang, Werner L.
|e author.
|
| 245 |
1 |
0 |
|a Manual of Aesthetic Surgery 2
|h [electronic resource] :
|b ■ Breast Augmentation ■ Brachioplasty ■ Abdominoplasty ■ Thigh and Buttock Lift ■ Liposuction ■ Hair Transplantation ■ Adjuvant Therapies Including Spacelift /
|c by Werner L. Mang.
|
| 264 |
|
1 |
|a Berlin, Heidelberg :
|b Springer Berlin Heidelberg,
|c 2005.
|
| 300 |
|
|
|a XLIII, 272 p. 412 illus., 206 illus. in color.
|b online resource.
|
| 336 |
|
|
|a text
|b txt
|2 rdacontent
|
| 337 |
|
|
|a computer
|b c
|2 rdamedia
|
| 338 |
|
|
|a online resource
|b cr
|2 rdacarrier
|
| 347 |
|
|
|a text file
|b PDF
|2 rda
|
| 505 |
0 |
|
|a Breast Augmentation -- Brachioplasty -- Abdominoplasty -- Thigh and Buttock Lift -- Liposuction -- Hair Transplantation -- Adjuvant Therapies Including Spacelift.
|
| 650 |
|
0 |
|a Medicine.
|
| 650 |
|
0 |
|a Dermatology.
|
| 650 |
|
0 |
|a Gynecology.
|
| 650 |
|
0 |
|a Otorhinolaryngology.
|
| 650 |
|
0 |
|a Oral surgery.
|
| 650 |
|
0 |
|a Maxillofacial surgery.
|
| 650 |
|
0 |
|a Plastic surgery.
|
| 650 |
1 |
4 |
|a Medicine & Public Health.
|
| 650 |
2 |
4 |
|a Plastic Surgery.
|
| 650 |
2 |
4 |
|a Dermatology.
|
| 650 |
2 |
4 |
|a Oral and Maxillofacial Surgery.
|
| 650 |
2 |
4 |
|a Otorhinolaryngology.
|
| 650 |
2 |
4 |
|a Gynecology.
|
| 710 |
2 |
|
|a SpringerLink (Online service)
|
| 773 |
0 |
|
|t Springer eBooks
|
| 776 |
0 |
8 |
|i Printed edition:
|z 9783540665533
|
| 856 |
4 |
0 |
|u http://dx.doi.org/10.1007/b137501
|z Full Text via HEAL-Link
|
| 912 |
|
|
|a ZDB-2-SME
|
| 950 |
|
|
|a Medicine (Springer-11650)
|